[Event "Norwood Centenary"]
[Site "Norwood"]
[Date "1990.04.15"]
[Round "4.8"]
[White "Sykes, Alexander"]
[Black "Djelaj, Pasko"]
[Result "0-1"]
[WhiteElo "1894"]
[BlackElo "1759"]
[PlyCount "68"]
[EventDate "1990.04.14"]
[EventType "swiss"]
[EventRounds "6"]
[EventCountry "AUS"]

1. d4 d5 2. c4 e6 3. Nc3 Nf6 4. Bg5 Be7 5. e3 O-O 6. Nf3 {
Queen's Gambit [Main Line]} a6 7. c5 (7. cxd5 Nxd5 8. Bxe7 Qxe7 9. e4 (9. Bd3
Nd7 10. Nxd5 exd5 11. O-O Re8 12. Qb1 Nf6 13. b4 c6 14. a4 Bd7 15. Rc1 Ne4 16.
Bxe4 dxe4 17. Ne5 f6 18. Nc4 Rad8 19. Nb6 f5 20. Rc5 Qf7 21. Nc4 Qf6 22. g3 h6
23. Ne5 Qd6 {Gustke,N-Hasselmann,D/OLNN 1992/BIG 90/0-1 (40)}) 9... Nxc3 10.
bxc3 c5 11. Bd3 cxd4 12. cxd4 Nc6 {
1/2-1/2 Kontic,D-Rakic,T/JUG-ch 1991/TD 91\07 (12)}) 7... h6 $146 (7... a5 8.
a3 Nc6 9. Bb5 Bd7 10. Qe2 Ne4 11. Bf4 Bf6 12. Bd3 Nxc3 13. bxc3 Re8 14. Bg3 e5
15. dxe5 Nxe5 16. Nxe5 Bxe5 17. Bxh7+ Kxh7 18. Qh5+ Kg8 19. Bxe5 Bb5 20. Bd4
Ra6 21. h4 Rg6 22. Qf3 {Burkart,P-Schneider,B/BL2-SW 1990/BL2/1/2-1/2 (50)}) (
7... b6 8. cxb6 cxb6 9. Bd3 Nc6 10. O-O h6 11. Bh4 Bb7 12. Rc1 Re8 13. Na4 Nd7
14. Bg3 b5 15. Nc3 Rc8 16. a4 b4 17. Nb1 Qb6 18. Nbd2 Na5 19. Qe2 Rc6 20. e4
dxe4 21. Bxe4 Rxc1 22. Rxc1 Rc8 23. Rxc8+ Bxc8 24. Nc4 Qd8 25. Nxa5 Qxa5 26.
Qc4 Qd8 27. Bc7 Qf8 28. h3 Nf6 29. Bc6 Bd6 30. Bb6 Qe7 31. Ne5 Bb7 32. a5 Nd5
33. Bc5 Bxc5 34. dxc5 Bxc6 35. Nxc6 Qb7 36. Nd4 Qc7 37. Nb3 Qc6 38. g3 Kf8 39.
Kh2 h5 40. Qh4 g6 41. Qd8+ Kg7 42. Qh4 {
Sinkovics,P-Hvenekilde,J/Copenhagen op 1988/TD 88\05/0-1 (89)}) 8. Bf4 Nbd7 9.
Bd3 Re8 10. h3 {Secures g4} c6 {Covers b5} 11. b4 b6 12. Rc1 Nh5 13. Bh2 g6 {
Controls f5} 14. Bb1 b5 15. Ne2 (15. a4 a5 16. axb5 Nb8 17. Bxb8 Rxb8 $18)
15... a5 {Nimzovich: attack the chain at its base} 16. a3 axb4 17. axb4 Bf8 18.
Qd3 Bg7 19. g4 (19. Bc2 e5 20. dxe5 Bxe5 21. Nxe5 Nxe5 22. Bxe5 Rxe5 $11) 19...
Nhf6 20. Nc3 Ra3 21. Qc2 Nf8 22. Ne5 Ra6 23. Bg3 N6d7 24. f4 f5 25. Nf3 Nf6 $14
(25... Qc7 $5 $11) 26. Bh4 Qc7 27. Qg2 $11 (27. g5 hxg5 28. Bxg5 Ne4 $14) 27...
Ne4 $14 {A beautiful square!} (27... N6d7 28. Rg1 $11) 28. Bxe4 $17 (28. Ne5
$142 $5 $14 {and White can hope to live}) 28... dxe4 $11 {Black gains space} (
28... fxe4 $142 $5 29. Ne5 Bb7 $15) 29. Nd2 $15 (29. Ne5 $5 $11) 29... Ra3 30.
Rg1 Bd7 $11 (30... Bb7 31. Qg3 $15) 31. Qe2 Rea8 32. Qd1 Bxd4 $4 $16 {
there were better ways to keep up the pressure} (32... Bc8 $142 $15 {
would keep Black alive}) 33. exd4 Qxf4 34. Qe2 $4 $19 {
releasing the pressure on the opponent} (34. Nf1 $142 $14 {
was a good chance to save the game}) 34... Rxc3 $1 {the end of the story} (
34... Rxc3 35. Rxc3 Ra1+ 36. Qd1 Rxd1+ 37. Kxd1 e3 $19) 0-1

[Event "Norwood Centenary"]
[Site "Norwood"]
[Date "1990.04.15"]
[Round "4.9"]
[White "MacIlwain, Robert"]
[Black "Coleman, Edwin"]
[Result "0-1"]
[WhiteElo "1854"]
[BlackElo "1613"]
[PlyCount "22"]
[EventDate "1990.04.14"]
[EventType "swiss"]
[EventRounds "6"]
[EventCountry "AUS"]

1. e4 c5 2. Nf3 a6 3. d4 cxd4 4. Nxd4 Nf6 5. Nc3 {Sicilian Defence} e5 6. Nde2
Bc5 7. Bg5 $17 (7. Ng3 $142 $5 $11 {and White can hope to survive} Qb6 8. Qd2 (
8. Qf3 d6 9. Nf5 Bxf5 10. Qxf5 Nc6 11. Bd3 Nd4 12. Qh3 Ne6 13. Nd1 Qc6 14. f3
O-O-O 15. c4 Kb8 16. g3 h5 17. Bd2 h4 18. Qf1 Nh5 19. Qg2 Ba7 20. Nc3 hxg3 21.
hxg3 Nxg3 22. Rxh8 Rxh8 23. Qxg3 Rh1+ 24. Bf1 Qxc4 25. Qg2 Rg1 26. Qxg1 {
1-0 Schiffer,S-Von Kiedrowski,K/Hessenliga 1994/GER 08 (26)}) 8... d6 9. Bc4
Be6 10. Bb3 Nbd7 11. O-O Rc8 12. Qe2 h6 13. Kh1 O-O 14. f4 Bd4 15. Bd2 Rfe8 16.
fxe5 Bxe5 17. Nf5 Qd8 18. Qf3 Nf8 19. Qh3 N6h7 20. Bxh6 Ng5 21. Qh5 Nfh7 {
Akopian,V-Csom,I/Erevan 1989/CBM 14/1-0 (34)}) (7. Qd3 Ng4 8. Nd1 Qb6 9. Qg3 d5
10. h3 Nxf2 11. Nxf2 Bxf2+ 12. Qxf2 Qb4+ 13. Nc3 Nc6 14. exd5 Nd4 15. a3 Qa5
16. Be3 O-O 17. O-O-O Bf5 18. Bxd4 exd4 19. Qxd4 Rac8 20. Bd3 Bd7 21. Rhf1 b5
22. Rf3 Rb8 23. Rdf1 b4 24. Bxh7+ Kxh7 25. Rxf7 Rxf7 26. Rxf7 Rg8 27. Qxb4 Qd8
28. Qe4+ Kh6 29. Qe7 Qxe7 30. Rxe7 Bf5 31. g4 Bc8 32. Ne4 Rf8 33. Nd6 Kg5 34.
Rxg7+ {1-0 Miller,M-Wollsdorf,F/Bad Woerishofen 1992/EXT 92ch (34)}) 7... d6
$11 (7... Qb6 $142 $5 8. Be3 Bxe3 9. fxe3 Qxb2 $17) 8. Qd2 Be6 9. h3 {
Prevents intrusion on g4} (9. Ng3 Nbd7 $11) 9... Qb6 10. Ng3 Bxf2+ $4 $18 {
forfeits the advantage} (10... Nbd7 $142 {and Black hangs on} 11. Bd3 Rc8 $15)
11. Qxf2 Qxb2 (11... Qxb2 12. Kd2 $1 {staying in the lead} Nbd7 $18 (12... Qxa1
$4 {Black is too greedy} 13. Bb5+ axb5 14. Rxa1 $18)) 0-1

[Event "Norwood Centenary"]
[Site "Norwood"]
[Date "1990.04.15"]
[Round "4.10"]
[White "Walshe, D Bradley"]
[Black "Egg, Marcel"]
[Result "1-0"]
[WhiteElo "1560"]
[BlackElo "1137"]
[PlyCount "145"]
[EventDate "1990.04.14"]
[EventType "swiss"]
[EventRounds "6"]
[EventCountry "AUS"]

1. e4 c5 2. Nf3 d6 3. d4 cxd4 4. Nxd4 Nf6 5. Nc3 a6 6. Be2 e6 7. O-O Be7 8. Be3
Bd7 9. f4 Qc7 10. Kh1 Nc6 {Sicilian Defence [Scheveningen Variation]} 11. Nb3 (
11. a4 Nxd4 12. Qxd4 Bc6 {
1/2-1/2 Ye Jiangchuan-Gheorghiu,F/Thessaloniki olm 1984/BIG 80 (12)}) (11. Qe1
O-O-O 12. Bf3 h6 13. Qf2 Rdg8 14. Nxc6 Bxc6 15. e5 Bxf3 16. exf6 Bxg2+ 17. Qxg2
gxf6 18. Qf3 h5 19. Rg1 h4 20. Rxg8+ Rxg8 21. Rg1 Rxg1+ 22. Kxg1 Qc6 23. Qxc6+
bxc6 24. Kg2 f5 25. Kh3 Kd7 26. Bf2 e5 27. fxe5 dxe5 28. Bxh4 Bxh4 29. Kxh4 Ke6
30. Kg3 Kf6 31. Na4 Kg5 32. Nc5 f4+ 33. Kf3 f5 34. Ne6+ Kh4 {
1-0 Godlauskas,K-Chmielevskis,R/LTU-ch Vilnius 1995/EXP 49 (34)}) 11... Na5
$146 (11... b5 12. a3 O-O 13. Qd2 Rfd8 14. Bf3 Rab8 15. Rae1 Be8 16. Qf2 Nd7
17. Nd5 exd5 18. exd5 Bf6 19. dxc6 Nb6 20. Bd4 Bxd4 21. Nxd4 d5 22. Nf5 Bxc6
23. Qg3 g6 24. Re7 Rd7 25. Rfe1 Rxe7 26. Rxe7 Bd7 27. Nh6+ Kg7 28. Rxf7+ Kh8
29. Qg5 Qd6 30. Nf5 Qe6 31. Rxh7+ Kg8 32. Rg7+ Kf8 33. Qh4 {
1-0 Micic,J-Holzmann,H/Balatonbereny 1993/EXT 93op (33)}) 12. Rc1 Nc4 $14 (
12... Bc6 13. Nxa5 Qxa5 14. Qd3 $11) 13. Bxc4 Qxc4 14. e5 {
This push gains space} Nd5 15. Nxd5 $11 (15. Na5 Nxe3 16. Nxc4 Nxd1 17. Rfxd1
$11) 15... Qxd5 $14 (15... exd5 16. exd6 Bxd6 17. Qd4 Qxd4 18. Bxd4 $14) 16.
Qxd5 exd5 17. exd6 {Don't underestimate that pawn} Bxd6 18. Bd4 {
The bishop likes it on d4} O-O 19. Rf3 $15 (19. Bc5 $5 Bxc5 20. Nxc5 $11) 19...
Rac8 20. h3 $15 {Controls g4} (20. Na5 b5 $11) 20... f6 {Secures e5} 21. Nd2
Rfe8 22. c3 {Consolidates b4} Be6 $11 (22... Re2 $5 23. Rd1 Rce8 $17) 23. Rcf1
Re7 24. Rg3 Kh8 25. Rf2 Bg8 26. Nf1 Rce8 27. Ne3 $15 (27. Re3 b5 $11) 27... Be6
28. Rgf3 Rc8 $11 (28... b5 29. g4 $11) 29. f5 Bg8 30. Ng4 Re1+ 31. Rf1 Rxf1+
32. Rxf1 h5 33. Ne3 Re8 34. Rd1 Bf4 35. Nf1 $15 (35. Rd3 h4 $11) 35... Bf7 $11
(35... Re2 36. g3 Bg5 37. Rb1 $15) 36. Kg1 $15 (36. g3 Bg5 $11) 36... Kh7 $11 (
36... Re2 $5 $15) 37. Kf2 Re4 38. g3 Bh6 39. Kf3 Re8 40. g4 Kg8 41. Ng3 h4 42.
Ne2 Bg5 43. b3 $11 (43. Bf2 $5 $14) 43... b5 $14 (43... g6 $5 44. fxg6 Bxg6 $11
) 44. Nc1 $11 (44. Bf2 g6 45. Nd4 Kg7 $14) 44... Bxc1 $16 (44... g6 $5 {
is worthy of consideration} 45. fxg6 Bxg6 $11) 45. Rxc1 Re4 46. Rd1 Re8 $16 (
46... Be8 47. Bf2 Bc6 48. Rd4 $14) 47. Bf2 Rc8 48. Bd4 $11 (48. Rd3 $142 $5 $16
) 48... Re8 49. Kf2 Re4 50. Re1 Rf4+ 51. Kg2 Re4 52. Re3 Rxe3 53. Bxe3 g6 54.
fxg6 Bxg6 55. Bf2 Be4+ 56. Kg1 Kf7 57. Bxh4 Ke6 58. Kf2 a5 59. Bg3 Bb1 60. a3
Ba2 61. b4 a4 62. Ke3 $14 (62. h4 Bb3 $16) 62... Bc4 $16 (62... f5 $5 $14) 63.
Kf4 Bf1 64. h4 {White plans g5} Bd3 65. h5 Be4 (65... Bc4 66. Ke3 $16) 66. Bf2
(66. c4 bxc4 67. Be1 Bd3 $18) 66... Bh7 67. Bd4 Be4 $2 $18 (67... Bc2 $142 $5
$16) 68. g5 $14 (68. c4 $142 $18 {
a shame that White overlooked this excellent chance}) 68... fxg5+ 69. Kxg5 {
Active king in the endgame} Kf7 70. Kf4 Ke6 $16 (70... Bd3 $142 $5 $14 {
is worth consideration}) 71. Ke3 $14 (71. c4 $5 bxc4 72. Ke3 $16) 71... Bh7 72.
Bg7 Be4 $18 (72... Kf7 $5 73. Be5 Bc2 $14) 73. Kd4 $16 (73. Kd4 Bf5 74. Be5 $16
) (73. c4 $5 bxc4 74. b5 Kd6 $16) 1-0

[Event "Norwood Centenary"]
[Site "Norwood"]
[Date "1990.04.15"]
[Round "4.11"]
[White "Trice, James"]
[Black "Siow, David"]
[Result "1-0"]
[WhiteElo "1543"]
[BlackElo "1130"]
[PlyCount "53"]
[EventDate "1990.04.14"]
[EventType "swiss"]
[EventRounds "6"]
[EventCountry "AUS"]

1. c4 Nf6 2. Nc3 e6 3. g3 {English Opening} g6 (3... d5 4. b3 d4 5. Nb1 c5 6.
Bg2 Nc6 7. d3 Bd6 8. Nf3 O-O 9. O-O Rb8 10. Na3 a6 11. Nc2 Qc7 12. a3 b5 13.
cxb5 axb5 14. Bg5 Nd7 15. Rc1 Qb6 16. Bd2 Bb7 17. e3 Rfc8 18. Ng5 h6 19. Ne4
Be7 20. exd4 cxd4 21. Bf4 e5 22. Bxh6 f5 23. Qh5 fxe4 24. Bxg7 Nd8 25. Qh8+ Kf7
26. f4 exf3 27. Bxf3 Bxf3 28. Rxf3+ Bf6 29. Rcf1 Ne6 30. Rxf6+ Nxf6 31. Rxf6+
Ke7 32. Qh4 Rc6 33. Nb4 Rc1+ 34. Rf1+ Kd7 35. Rxc1 Nxg7 36. Qg4+ Ne6 37. Rc6
Qxc6 38. Nxc6 Rf8 39. Nxe5+ Kd6 40. Ng6 Rc8 41. Nf4 Nxf4 42. Qxc8 {
1-0 Cukier,M-Cheng Ho,F/WchJM-U20 Halle 1995/EXP 48 (42)}) 4. Bg2 Bg7 5. d3
$146 {Covers e4} (5. Nf3 O-O 6. O-O c6 7. d3 d5 8. Bg5 h6 9. Bf4 Nbd7 10. Qc1
Kh7 11. Rd1 Qa5 12. Bd2 Qc7 13. Qc2 Nb6 14. c5 Nbd7 15. b4 b6 16. cxb6 axb6 17.
Rdc1 Bb7 18. a4 Rfc8 19. d4 Qd6 {
Kappler,S-Ruessel,R/Eppingen AT5 1988/GER 04/1/2-1/2 (32)}) 5... Nc6 6. Nf3 O-O
7. O-O d6 {Prevents intrusion on e5} 8. Bg5 Ne7 9. Qd2 Re8 10. Bh6 Bh8 11. Qg5
(11. d4 d5 $11) 11... Nf5 12. Rad1 Nxh6 13. Qxh6 Bg7 14. Qh4 e5 $11 (14... h6
15. d4 $15) 15. Nd2 Bf5 $14 (15... c6 $142 $5 $11 {should not be overlooked})
16. d4 $4 $17 {hands over the advantage to the opponent} (16. Bxb7 $142 {
and White could well hope to play on} Rb8 17. Bc6 $16) 16... c6 $11 (16... exd4
$142 17. Nb5 c5 $17 (17... Rxe2 $6 18. Nxd4 Rxd2 19. Rxd2 $14)) 17. dxe5 dxe5
$14 (17... Rxe5 18. Nf3 Ra5 19. h3 $11) 18. Nf3 $11 (18. Nde4 Nd7 19. Qxd8
Rexd8 $14 (19... Raxd8 $143 20. Nd6 $18)) 18... Qb6 19. b3 e4 $11 (19... h6 20.
e4 Be6 21. Rd3 $17 (21. Nxe5 $4 {the pawn is indigestible} g5 22. c5 Qa6 $19 (
22... gxh4 $6 {is a useless try} 23. cxb6 hxg3 24. hxg3 $15 (24. fxg3 $2 Nh7
$19)) (22... Qxc5 $143 23. Na4 Qa3 24. Nc4 $19))) 20. Nd4 Bg4 21. h3 Rad8 $4
$18 (21... Bd7 $142 $11 {was possible}) 22. Na4 Qb4 23. Nc2 Qe7 24. hxg4 Qe6 (
24... b5 25. Nc3 $18) 25. g5 Nh5 (25... Nd7 {doesn't get the bull off the ice}
26. Rd2 $18) 26. Nc5 Qc8 27. Nxe4 (27. Nxe4 Qe6 28. c5 $18) 1-0

[Event "Norwood Centenary"]
[Site "Norwood"]
[Date "1990.04.15"]
[Round "4.12"]
[White "Balazs, David"]
[Black "Sarma, Venu"]
[Result "1-0"]
[WhiteElo "1330"]
[BlackElo "1498"]
[PlyCount "45"]
[EventDate "1990.04.14"]
[EventType "swiss"]
[EventRounds "6"]
[EventCountry "AUS"]

1. e4 c5 2. d4 cxd4 3. c3 dxc3 4. Nxc3 Nc6 5. Bc4 e6 6. Nf3 a6 7. O-O {
Sicilian Defence [Morra Gambit]} Be7 $146 (7... Nf6 8. Qe2 (8. e5 Ng4 9. Bf4
Qc7 10. Qe2 f6 11. Nd5 exd5 12. exf6+ Nce5 13. Nxe5 Nxe5 14. Bxe5 Qxc4 15. Qh5+
g6 16. f7+ Kxf7 17. Qf3+ Kg8 18. Qf6 d6 19. Qxh8+ Kf7 20. Qxh7+ Ke6 21. Bc3 {
1-0 Zimmermann,P-Lyrberg,P/Bern op 1995/EXP 46 (21)}) 8... Be7 9. e5 Ng8 10.
Rd1 f6 11. Bxe6 Qa5 12. Bd5 Kf8 13. exf6 Nxf6 14. Bb3 h6 15. Nh4 Ke8 16. Ng6
Rh7 17. Bc2 Kd8 18. Nxe7 Nxe7 19. Bxh7 Nxh7 20. Re1 Nf5 21. Qe8+ Kc7 22. Bf4+ {
Heinz,W-Gabriel,M/PF-op Mehlingen 1992/GER 05/0-1 (34)}) (7... Bc5 8. Qe2 b5 9.
Bb3 d6 10. Rd1 Nge7 11. Bf4 Qc7 12. Rac1 O-O 13. Bg3 e5 14. h3 Qa7 15. a3 Nd4
16. Nxd4 Bxd4 17. Bh4 Be6 18. Nd5 Bxd5 19. exd5 Nf5 20. Bg5 f6 21. Bd2 Bxb2 22.
Rb1 Nd4 23. Qd3 Bxa3 24. Ba2 Bc5 25. Rf1 Qf7 26. Ba5 Qg6 27. Qd1 f5 28. Kh1 f4
29. f3 Nf5 30. Be1 Ne3 31. Qe2 Nxf1 32. Qxf1 Qc2 33. Ra1 Qb2 34. Bh4 Bd4 {
0-1 Fleck,R-Hoffmann,H/Wiesbaden op 1988/GER 02 (34)}) (7... b5 8. Bb3 Bc5 9.
e5 f5 10. Qe2 Nge7 11. h4 O-O 12. h5 Qe8 13. h6 Qh5 14. hxg7 Rf7 15. Be3 Bb4
16. Ng5 Qxe2 17. Nxe2 Rxg7 18. f4 Na5 19. Bc2 Nd5 20. Bd4 Nc6 21. Nf3 Nxd4 22.
Nfxd4 {Mueller,A-Erdelyi,T/Wiesbaden op 1988/GER 02/0-1 (40)}) 8. Re1 Qc7 9.
Qe2 Ne5 10. Nxe5 Qxe5 11. f4 Bc5+ 12. Kh1 Qc7 13. Bd2 Ne7 14. Rac1 Ng6 15. f5 {
White wins space} (15. e5 d5 16. exd6 Bxd6 $14 (16... Qxd6 17. Ne4 Qd4 18. Nxc5
Qxc5 19. Bxe6 $18)) 15... Nf4 $4 $16 {not a good decision, because now the
opponent is right back in the game. Black should quickly conclude development.}
(15... Ne5 $142 $11 {would keep Black in the game}) 16. Qg4 Bd6 (16... g5 17.
Qxg5 e5 $18) 17. Bxf4 $4 $11 {White is ruining his position} (17. e5 $142 {
White has a promising position} Bxe5 18. Bxf4 Bxf4 19. Nd5 $18) 17... Bxf4 18.
Qxg7 {Traps the king in the center} Bxc1 $4 $18 (18... Qe5 $142 {
the only rescuing move} 19. Qxe5 Bxe5 $11) 19. Qxh8+ Ke7 20. Rxc1 (20. Nd5+
$142 {secures victory} Kd6 21. Qf8+ Ke5 22. Nxc7 $18) 20... b5 (20... Qf4 {
is one last hope} 21. Rf1 Qh6 $18) 21. Bb3 (21. e5 d5 22. Bxb5 axb5 23. Nxd5+
exd5 24. Rxc7+ Bd7 25. Qf6+ Ke8 26. e6 fxe6 27. fxe6 Rxa2 28. exd7#) 21... Kd6
(21... Qf4 {the only chance to get some counterplay} 22. Rd1 h6 $18) 22. Qd4+
$18 (22. Nxb5+ axb5 23. e5+ Ke7 24. f6#) 22... Ke7 23. Nd5+ (23. Nd5+ exd5 24.
Rxc7 Kd8 25. Rc3 d6 26. Qf6+ Ke8 27. Rc7 Bd7 28. Bxd5 Rc8 29. Qxf7+ Kd8 30.
Qxd7#) 1-0

[Event "Norwood Centenary"]
[Site "Norwood"]
[Date "1990.04.15"]
[Round "4.13"]
[White "Wouters, Eddy"]
[Black "Brown, Cyril D"]
[Result "1/2-1/2"]
[WhiteElo "1135"]
[BlackElo "1421"]
[PlyCount "90"]
[EventDate "1990.04.14"]
[EventType "swiss"]
[EventRounds "6"]
[EventCountry "AUS"]

1. d4 d5 2. Nf3 Nf6 3. c4 c5 {Queen's Gambit [Symmetrical Defence]} (3... Nc6
4. cxd5 Nxd5 5. e4 Nf6 6. Nc3 Bg4 7. Be3 Bxf3 8. gxf3 e5 9. Bb5 Bd6 10. d5 a6
11. Ba4 b5 12. Nxb5 axb5 13. Bxb5 O-O 14. Bxc6 Rb8 15. Qc2 Qc8 16. h4 Qa6 17.
a3 Nh5 18. Rd1 Nf4 19. Rg1 f5 20. Bxf4 exf4 21. Qc3 Rf7 22. e5 Bxe5 23. Qxe5
Kf8 24. Rg5 {1-0 Lakunza,J-Gastanares,J/San Sebastian op 1994/TD 94\02 (24)})
4. Nc3 cxd4 $146 (4... Nc6 5. g3 Bf5 6. a3 e6 7. Bg2 dxc4 8. Qa4 Qa5 9. Qxc4
Rd8 10. dxc5 Qxc5 11. Qxc5 Bxc5 12. O-O O-O 13. b4 Bb6 14. Bb2 Bc2 15. Rac1 Bb3
16. Ba1 Rfe8 17. Rb1 Bc4 18. Rfd1 Rxd1+ 19. Rxd1 {
Bashir-Tammert,G/Baden FRG-Kuwait 1987/EXT 87/0-1 (29)}) 5. Qxd4 Nc6 6. Qd1 $15
(6. Qf4 $5 $11) 6... e6 $11 (6... d4 $5 7. Nb5 e5 $15) 7. a3 $15 {
Prevents intrusion on b4} (7. e3 Bb4 $11) 7... Be7 $11 (7... d4 8. Nb1 $15) 8.
Bg5 $15 (8. Bf4 dxc4 9. e4 Qa5 $11) 8... dxc4 9. Qxd8+ Bxd8 10. e3 {Controls d4
} b6 11. Bxc4 Bb7 12. Nb5 O-O 13. Nd6 Na5 14. Nxb7 Nxb7 15. O-O Ne4 16. Bxd8
Rfxd8 17. Ba6 Nec5 18. Be2 Na4 19. Rab1 Rac8 20. Bb5 Nac5 21. Nd4 $11 (21. b4
Ne4 22. Ba6 Ned6 $14) 21... Rd6 $16 (21... a6 $142 $5 {has some apparent merit}
22. Be2 e5 $11) 22. Nc6 $4 $17 {gives the opponent counterplay} (22. Rfc1 $142
a6 23. Be2 $16) 22... Ra8 $11 (22... Rcxc6 $142 $5 23. Bxc6 Rxc6 $17) 23. Rfd1
Rxd1+ 24. Rxd1 {White is in command} a6 25. Be2 Kf8 26. Bf3 Ke8 27. b4 Nd7 28.
Nd4 Ra7 29. Rc1 Nd6 30. Rd1 $11 (30. Rc6 $5 Ke7 31. Rxb6 Nxb6 32. Nc6+ Kd7 33.
Nxa7 $14) 30... Rc7 $16 (30... Nb7 $142 $5 $11 {is worth looking at}) 31. Nxe6
$1 {it's best to give back material} fxe6 32. Rxd6 Ke7 33. Rd1 Rc3 34. Ra1 Ne5
35. a4 $11 (35. Be2 $142 $5 a5 36. Kf1 $16) 35... Nxf3+ 36. gxf3 Rb3 37. b5
axb5 38. axb5 Rxb5 39. Ra7+ Kf6 40. Rb7 Rb1+ 41. Kg2 b5 42. e4 b4 43. h4 (43.
f4 Rb3 $15) 43... b3 44. h5 h6 $11 (44... Ke5 $142 $5 $17) 45. f4 {
Threatening mate... how?} b2 $4 {simply marches past the door to victory} (
45... g5 $142 {would hold out} 46. Kf3 gxf4 47. Kxf4 e5+ 48. Kg4 Rg1+ 49. Kh4
Rh1+ 50. Kg3 Rb1 $11) 1/2-1/2

[Event "Norwood Centenary"]
[Site "Norwood"]
[Date "1990.04.15"]
[Round "4.14"]
[White "Bailey, Cliff"]
[Black "Pointer, Geoffrey"]
[Result "1-0"]
[WhiteElo "1300"]
[BlackElo "1364"]
[PlyCount "113"]
[EventDate "1990.04.14"]
[EventType "swiss"]
[EventRounds "6"]
[EventCountry "AUS"]

1. e4 c5 2. Nf3 Nc6 3. d4 cxd4 4. Nxd4 Nf6 5. Nc3 e5 {
Sicilian Defence [Pelikan Variation]} 6. Nb3 Bb4 7. Bd3 d5 8. O-O (8. exd5 Nxd5
9. Bd2 O-O 10. Nxd5 Qxd5 11. O-O Rd8 12. Qe1 Bxd2 13. Nxd2 Nb4 14. Nf3 Nxd3 15.
cxd3 f6 16. Qb4 Qxd3 17. Rac1 Be6 18. Rc7 Rd7 19. Qxb7 Rad8 20. h4 {
1/2-1/2 Smith,L-Houna,M/Novi Sad olm 1990/TD 90\06 (20)}) 8... Bxc3 9. bxc3
dxe4 (9... Nxe4 10. Bxe4 dxe4 11. Ba3 Bf5 12. Nc5 Qc7 13. Qh5 Bg6 14. Qg5 O-O
15. Rab1 Rab8 16. Rfd1 Rfd8 17. Qe3 Ne7 18. c4 Nf5 19. Rxd8+ Qxd8 20. Qxe4 Nd4
21. Qxe5 f6 22. Qd5+ Qxd5 23. cxd5 Nxc2 24. Bc1 Nd4 25. Ra1 Rc8 26. Be3 Nc2 27.
Rc1 Nxe3 28. fxe3 b6 29. Nb3 Rxc1+ 30. Nxc1 Be4 31. d6 Kf7 {
0-1 Klimkevicius Laizanas,A-Skarulskis,R/LTU-ch Vilnius 1995/EXP 49 (31)}) 10.
Bb5 $146 (10. Be2 O-O 11. Bg5 b6 12. f3 Bf5 13. fxe4 Bxe4 14. Nd2 Bg6 15. Bf3
Qd6 16. Bxc6 Qxc6 17. Bxf6 gxf6 18. Qg4 Kh8 19. Qh4 f5 20. Nf3 Rae8 21. Rae1 f6
22. Qh6 Qc5+ 23. Kh1 Qe7 24. Nh4 Qg7 {
Goerge,R-Baesler,H/Bad Woerishofen 1992/EXT 92ch/0-1 (35)}) 10... Bg4 $15 (
10... Qc7 11. Ba3 $17) 11. Qxd8+ Rxd8 12. Bg5 $15 (12. Na5 Be2 13. Bxc6+ bxc6
$11) 12... O-O 13. Nc5 Na5 $11 (13... Rd5 14. Bxc6 Rxc5 15. Bxb7 Rxc3 16. Rfc1
$15) 14. Bxf6 gxf6 15. Nxe4 Kg7 16. Bd3 Be6 17. f4 $17 (17. Ng3 $5 $11) 17...
f5 18. Ng3 e4 19. Bb5 Rc8 20. Ne2 a6 21. Ba4 Bc4 22. Rfe1 Bxe2 23. Rxe2 Rxc3
24. g3 b5 25. Bb3 Nxb3 (25... Rd8 26. Kf2 $17) 26. axb3 Rfc8 27. Ra2 R8c6 28.
Kf2 h5 29. h4 $2 $19 (29. Ke1 $142 $17) 29... Rf3+ 30. Kg2 Rcc3 31. Rxa6 Rxg3+
32. Kf1 {White gets in control} Rgf3+ 33. Ke1 Rxf4 34. Kd2 Rc5 35. Ra5 Rd5+ 36.
Kc1 Rxh4 37. c4 Rd3 38. Rxb5 Kf6 39. Kc2 Rh1 40. Rf2 Rf3 41. Rd2 h4 42. c5 h3
43. c6 h2 (43... Rff1 $142 {and Black can already relax} 44. Kc3 h2 $19) 44. c7
Rc1+ 45. Kxc1 h1=Q+ 46. Kb2 Qh8 $4 $18 {spoils everything} (46... Qe1 47. Rc2
Rf1 48. Rxf5+ Kxf5 49. c8=Q+ Kf4 50. Qc7+ Kg4 51. Qd7+ f5 52. Qg7+ Kf3 53. Qg2+
Kf4 54. Qh2+ Kg4 55. Rg2+ Kf3 56. Qh3+ Kf4 57. Qh6+ Ke5 58. Qg7+ Kd5 59. Qd7+
Ke5 60. Qg7+ Kd5 61. Qd7+ Ke5 62. Qg7+ $11) 47. Rb8 Qg7 48. c8=Q Kg5+ (48...
Rg3 49. Qd8+ Kg6+ 50. Ka2 $18) 49. Ka2 Rf4 (49... Qc3 {what else?} 50. Rg2+ Kf4
$18) 50. Qc1 {Threatening mate: Rg2} Qe5 (50... e3 {no good, but what else?}
51. Rh2 $1 {forces the win} Kg6 52. Qc6+ Kg5 $18) 51. Rb4 $18 (51. Rg8+ Kf6 52.
Qc6+ Qe6 53. Qc3+ Ke7 54. Qc7+ Kf6 55. Qd8+ Qe7 56. Rd6+ Ke5 57. Qxe7#) 51...
Rg4 52. Ra4 Qf4 (52... Kg6 $18 {there is nothing else anyway}) 53. Qc3 (53. Ra8
$142 $18 {and White wins}) 53... Rg3 (53... Qf1 $18 {is the last straw}) 54.
Qg7+ Kh4 55. Rh2+ Rh3 56. Qh7+ Kg4 57. Qxh3+ (57. Qxh3+ Kg5 58. Qh6+ Kg4 59.
Qh5+ Kg3 60. Qh3#) 1-0